Normal view
MARC view
Entry Personal Name
001 - CONTROL NUMBER
- control field: 61538
003 - CONTROL NUMBER IDENTIFIER
- control field: OSt
005 - DATE AND TIME OF LATEST TRANSACTION
- control field: 20160602110105.0
008 - FIXED-LENGTH DATA ELEMENTS
- fixed length control field: 160602|| aca||aabn | a|a d
040 ## - CATALOGING SOURCE
- Original cataloging agency: OSt
- Transcribing agency: OSt
100 ## - HEADING--PERSONAL NAME
- Personal name: आजाद, आचार्य पृथ्वीसिंह
670 ## - SOURCE DATA FOUND
- Source citation: Work cat.: (OSt)12143: आजाद, आचार्य पृथ्वीसिंह , गुरू रविदास , 1999









